| 000 | 00855 a2200289 4500 | ||
|---|---|---|---|
| 001 | 200002126 | ||
| 999 |
_c200002126 _d29098 |
||
| 003 | TR-AnTOB | ||
| 005 | 20200427173743.0 | ||
| 008 | 101001b tu 000 0 | ||
| 010 | _a2006281668 | ||
| 020 | _a0521865387 (hardback) | ||
| 020 | _a9780521865388 | ||
| 040 |
_aDLC _cDLC _dEQO _dU3G _dBAKER _dUKM _dMST _dYDXCP |
||
| 041 | _aeng | ||
| 050 | _aTK7871.89.L53 | ||
| 090 | _aTK 7871.89.L53 S47 2006 | ||
| 100 |
_aSchubert, E. Fred _970957 |
||
| 245 | 0 |
_aLight-emitting diodes / _cE. Fred Schubert. |
|
| 250 | _a2nd ed. | ||
| 264 | 1 |
_aCambridge, U.K. ; _aNew York, NY, USA : _bCambridge University Press, _c2006. |
|
| 300 |
_ax, 422 s. : _bill. ; _c26 cm. |
||
| 504 | _aIncludes bibliographical references and index. | ||
| 650 |
_aIşık yayıcı diyotlar _950440 |
||
| 650 |
_aLight emitting diodes _9760 |
||
| 942 | _cBK | ||